Key concepts in international relations (Registro nro. 76435)

Detalles MARC
000 -ENCABEZADO
Número de control [NR] 00922nam a2200241Ia 4500
008 - DE LONGITUD FIJA DE DATOS DE ELEMENTOS - INFORMACIÓN GENERAL
Elementos de longitud fija [NR] 130821s2011 xxu grdd eng
020 ## - NUMERO INTERNACIONAL NORMALIZADO PARA LIBROS [R]
Número Internacional Normalizado del libro [NR] 978 1 1429 2847 2
020 ## - NUMERO INTERNACIONAL NORMALIZADO PARA LIBROS [R]
Número Internacional Normalizado del libro [NR] 978 1 4129 2848 9
040 ## - FUENTE DE CATALOGACION [NR]
Agencia de catalogación original [NR] Co-BoUCM
Idioma de catalogación [NR] spa
041 00 - CODIGO DE IDIOMA [R]
Código de idioma para texto/pista de sonido o título separado [R] Inglés
100 1# - ASIENTO PRINCIPAL--NOMBRE PERSONAL [NR]
Nombre personal [NR] Diez, Thomas
ID Autoridad 56786
245 10 - MENCION DE TITULO [NR]
Título [NR] Key concepts in international relations
Mención de responsabilidad, etc. [NR] Thomas Diez, Ingvild Bode, Aleksandra Fernandes da Costa
260 ## - PUBLICACION, DISTRIBUCION, ETC. (PIE DE IMPRENTA) [R]
Lugar de publicación, distribución, etc. [R] Thousand Oaks (California, Estados Unidos)
Nombre del editor, distribuidor, etc. [R] SAGE Publications
Fecha de publicación, distribución, etc. [R] 2011
300 ## - DESCRIPCION FISICA [R]
Extensión [R] ix, 268 páginas
490 #0 - MENCION DE SERIE [R]
Mención de serie [R] Sage key concepts series
504 ## - NOTA DE BIBLIOGRAFIA, ETC. [R]
Nota de bibliografía, etc. [NR]
650 ## - ASIENTO SECUNDARIO DE MATERIA - TERMINO TEMATICO [R]
Término temático o nombre geográfico como elemento de entrada [NR] Relaciones internacionales
9 (RLIN) 8042
650 ## - ASIENTO SECUNDARIO DE MATERIA - TERMINO TEMATICO [R]
Término temático o nombre geográfico como elemento de entrada [NR] Relaciones internacionales
Subdivisión de forma [R] Diccionarios y enciclopedias
9 (RLIN) 8042
700 1# - ASIENTO SECUNDARIO - NOMBRE PERSONAL [R]
Nombre personal [NR] Bode, Ingvild
9 (RLIN) 169478
700 1# - ASIENTO SECUNDARIO - NOMBRE PERSONAL [R]
Nombre personal [NR] Fernandes da Costa, Aleksandra
9 (RLIN) 169479
942 ## - ELEMENTOS DE ENTRADA AGREGADOS (KOHA)
Tema principal Ciencia política
Edición 1
Prefijo de la signatura top. (colección) Colección - Referencia
Parte restante de la signatura top. D568k
Tipo de ítem principal el descrito en 300a Libro
Sistema de clasificación DEWEY
Clasificación 327.03
Existencias
Fecha de último préstamo Total préstamos Total Renewals Signatura topográfica Código de barras Última vez visto Ejemplar Price effective from Tipo de ítem Perdido Sistema de clasificación Dañado No prestable Tipo de ítem específico Suprimido Ubicación habitual Ubicación actual Localización Fecha de creación Forma de adquisición Costo
01/08/2025 8 2 327.03 D568k 100121345 03/12/2025 Ej.1 03/02/2013 Libro   DEWEY     Libro   Claustro Claustro 3er piso 28/02/2013 Compra 203000.00